Detalles MARC
| 000 -CABECERA |
| campo de control de longitud fija |
00969nam a2200289 a 4500 |
| 001 - NÚMERO DE CONTROL |
| campo de control |
000023373 |
| 005 - FECHA Y HORA DE LA ÚLTIMA TRANSACCIÓN |
| campo de control |
20200930022155.0 |
| 008 - DATOS DE LONGITUD FIJA--INFORMACIÓN GENERAL |
| campo de control de longitud fija |
101203s1998 sp r 000 0 spa d |
| 020 ## - NÚMERO INTERNACIONAL ESTÁNDAR DEL LIBRO |
| Número Internacional Estándar del Libro |
8420483036 |
| 040 ## - FUENTE DE LA CATALOGACIÓN |
| Centro catalogador/agencia de origen |
DO-SdBNP |
| Lengua de catalogación |
spa |
| Centro/agencia transcriptor |
BNPHU |
| 041 17 - CÓDIGO DE LENGUA |
| Código de lengua del texto/banda sonora o título independiente |
spa |
| Código de lengua original |
sit |
| Fuente del código |
Código de idioma MARC |
| 082 ## - NÚMERO DE LA CLASIFICACIÓN DECIMAL DEWEY |
| Número de clasificación |
299.514 |
| Número de documento/Ítem |
Z64L |
| 049 ## - FONDOS LOCALES (OCLC) |
| Fondos de biblioteca |
BNGR |
| 100 1# - ENTRADA PRINCIPAL--NOMBRE DE PERSONA |
| Nombre de persona |
Zi, Lao |
| 9 (RLIN) |
48146 |
| 240 10 - TÍTULO UNIFORME |
| Título uniforme |
Dao de jing. |
| Lenguaje de la obra |
Español-Chino |
| 245 10 - MENCIÓN DE TÍTULO |
| Título |
El libro del Tao / |
| Mención de responsabilidad, etc. |
Lao Zi ; traducción, prólogo y notas, Iñaki Preciado Ydoeta. |
| 250 ## - MENCIÓN DE EDICIÓN |
| Mención de edición |
3a ed. |
| 260 ## - PUBLICACIÓN, DISTRIBUCIÓN, ETC. |
| Lugar de publicación, distribución, etc. |
Madrid : |
| Nombre del editor, distribuidor, etc. |
Alfaguara, |
| Fecha de publicación, distribución, etc. |
1998. |
| 300 ## - DESCRIPCIÓN FÍSICA |
| Extensión |
LXXVI, 278 p. ; |
| Dimensiones |
18 cm. |
| 490 1# - MENCIÓN DE SERIE |
| Mención de serie |
Alfaguara bolsillo |
| -- |
clásica |
| Designación de volumen o secuencia |
43 |
| 500 ## - NOTA GENERAL |
| Nota general |
Edición bilingue : Español-Chino. |
| 504 ## - NOTA DE BIBLIOGRAFÍA, ETC. |
| Nota de bibliografía, etc. |
Bibliografía: p. [LXIX]- LXXVI |
| 586 ## - NOTA DE PREMIOS |
| Nota de premios |
Premio Nacional de Traducción "Fray Luis de León"1979 |
| 650 #4 - PUNTO DE ACCESO ADICIONAL DE MATERIA--TÉRMINO DE MATERIA |
| Término de materia o nombre geográfico como elemento de entrada |
Taoísmo |
| 9 (RLIN) |
46348 |
| 700 1# - PUNTO DE ACCESO ADICIONAL--NOMBRE DE PERSONA |
| Nombre de persona |
Preciado Ydoeta, Iñaki |
| Término indicativo de función/relación |
tr. |
| 9 (RLIN) |
48147 |
| 830 #0 - PUNTO DE ACCESO ADICIONAL DE SERIE-TÍTULO UNIFORME |
| Título uniforme |
Alfaguara bolsillo ; |
| Nombre de parte o sección de la obra |
clásica |
| Designación de volumen o secuencia |
43 |
| 9 (RLIN) |
48148 |